Statistiche per Riconosci la Squadra di calcio - Quiz n°268

Clicka qui per fare il quiz!

Statistiche generali

  • Questo quiz è stato fatto 3 volte
  • Il punteggio medio è 11 su 18

Statistiche sulle risposte

IndizioRisposta% Corretto
Trofei nazionali1 Coppa Italia Dilettanti
100%
Colori socialiRosso, blu
100%
Titoli nazionali0
67%
Fondazione1919
67%
Rifondazione1936
67%
Rifondazione1938
67%
Rifondazione1948
67%
Rifondazione1990
67%
Rifondazione1996
67%
Rifondazione2003
67%
Rifondazione2013
67%
Rifondazione2022
67%
Divisione nazionale 2023-2024Quarta
67%
Trofei internazionali0
33%
Capienza Stadio25 000 posti
33%
SquadraCampobasso
33%
SimboliLupo
33%
ConfederazioneUEFA
33%

Distribuzione punteggi

Percentile per numero di risposta

Percentuale di utenti per punteggio

I tuoi punteggi nel tempo

Non hai fatto questo quiz